| 000 | 01132 a2200169 4500 | ||
|---|---|---|---|
| 003 | Nust | ||
| 005 | 20250923082435.0 | ||
| 040 | _cNust | ||
| 082 | _a621.3824 | ||
| 100 |
_aSinha, Umesh _9102370 |
||
| 245 |
_aAntenna and wave propagation _cSinha Umesh |
||
| 260 |
_aNew Delhi _bSatya _c1989 |
||
| 300 | _a939 p. | ||
| 505 | _aIntroduction (Page-1), Vector Analysis (Page-13), Electrostatics (Page-58), Stationary Currents (Page-131), Magnetostatics (Page-166), Electromagnetic Induction (Page-232), Maxwell’s Equations (Page-270), Waveguides And Resonators (Page-317), Transmission Lines And Cables (Page-379), Antennas And Radiation (Page-448), Antenna Parameters (Page-474), Vertical Antennas (Page-510), Antenna Arrays (Page-521), Loop Antenna (Page-552), Microwave Antennas (Page-574), Broadband Antenna (Page-599), Receiving Antennas (Page-621), Antenna Measurements (Page-657), Radio Wave Propagation (Page-731), Ground Wave Propagation (Page-744), Sky Wave Propagation (Page-772), Space Wave Propagation (Page-808), Satellite Communication (Page-861). | ||
| 650 | _aTelecommunication engineering | ||
| 942 |
_2ddc _cBK |
||
| 999 |
_c194745 _d194745 |
||